书目信息 |
| 题名: |
现行建筑施工规范大全
|
|
| 作者: | ;中国建筑工业出版社 编 | |
| 分册: | 下册 | |
| 出版信息: | 北京 中国建筑工业出版社 2009.11 |
|
| 页数: | 1册 | |
| 开本: | 26cm | |
| 丛书名: | ||
| 单 册: | ||
| 中图分类: | TU711-65 | |
| 科图分类: | ||
| 主题词: | 建筑工程--jian zhu gong cheng--工程施工--建筑规范--中国 | |
| 电子资源: | ||
| ISBN: | 978-7-112-11194-7 | |
| 000 | 00964nam 2200229 450 | |
| 001 | 012001000500 | |
| 005 | 20100508102352.15 | |
| 010 | @a978-7-112-11194-7@b精装@dCNY199.00 | |
| 100 | @a20100515d2009 km y0chiy0121 eb | |
| 101 | 0 | @achi |
| 102 | @aCN@b110000 | |
| 105 | @aa z 000yy | |
| 200 | 1 | @a现行建筑施工规范大全@Axian xing jian zhu shi gong gui fan da quan@h下册@f中国建筑工业出版社编@Fzhong guo jian zhu gong ye chu ban she bian |
| 205 | @a缩印本 | |
| 210 | @a北京@c中国建筑工业出版社@d2009.11 | |
| 215 | @a1册@c图@d26cm | |
| 330 | @a《现行建筑施工规范大全》共收录标准规范163本。它主要内容包括10个部分:地基与基础;主体结构;建筑装饰装修;专业工程;施工技术;材料及应用;检测技术;质量验收;安全卫生;施工组织与管理。 | |
| 606 | 0 | @a建筑工程@Ajian zhu gong cheng@x工程施工@x建筑规范@y中国 |
| 690 | @aTU711-65@v4 | |
| 711 | 02 | @a中国建筑工业出版社@Azhong guo jian zhu gong ye chu ban she@4编 |
| 801 | 0 | @aCN@c20100515 |
| 905 | @dTU711-65@eZ563:2@f1 | |
| 现行建筑施工规范大全.下册/中国建筑工业出版社编.-缩印本.-北京:中国建筑工业出版社,2009.11 |
| 1册:图;26cm |
| ISBN 978-7-112-11194-7(精装):CNY199.00 |
| 《现行建筑施工规范大全》共收录标准规范163本。它主要内容包括10个部分:地基与基础;主体结构;建筑装饰装修;专业工程;施工技术;材料及应用;检测技术;质量验收;安全卫生;施工组织与管理。 |
| ● |
| 相关链接 |
|
|
|
正题名:现行建筑施工规范大全
索取号:TU711-65/Z563:2
 
预约/预借
| 序号 | 登录号 | 条形码 | 馆藏地/架位号 | 状态 | 备注 |
| 1 | 981604 | 209816047 | 建筑库201/201建筑库 19排2列1层/ [索取号:TU711-65/Z563:2] | 在馆 |